[Event "GER HS-247 email"]
[Site "GER email"]
[Date "2018.11.16"]
[Round "?"]
[White "Hoffmann, Heiko"]
[Black "Horst, Lothar"]
[Result "1/2-1/2"]
[WhiteElo "1770"]
[BlackElo "1798"]
[PlyCount "102"]
[EventDate "2018.11.25"]
[EventType "tourn (corr)"]
[EventRounds "6"]
[EventCountry "GER"]
[SourceTitle "Corr 2022"]
[Source "ChessBase"]
[SourceDate "2021.10.24"]
[SourceVersion "1"]
[SourceVersionDate "2021.10.24"]
[SourceQuality "1"]

1. e4 e5 2. Nf3 Nc6 3. d4 exd4 4. Nxd4 Bc5 5. Be3 Qf6 6. c3 Nge7 7. Bc4 Ne5 8. Be2 d5 9. 0-0 0-0 10. Nd2 Bb6 11. Nc2 Rd8 12. Bxb6 axb6 13. f4 Nd7 14. e5 Qh6 15. Bg4 f5 16. Be2 Nc5 17. Nd4 Bd7 18. Qc1 Ne4 19. a4 c5 20. Nb5 Bc6 21. b3 Rf8 22. Nf3 Rad8 23. Ra2 Ng6 24. g3 Rfe8 25. b4 Re7 26. Bd3 Nf8 27. Qe1 g6 28. a5 Ne6 29. axb6 Bxb5 30. Bxb5 cxb4 31. c4 d4 32. Qxb4 N6c5 33. Nd2 Rc8 34. Nxe4 fxe4 35. Ra8 Qf8 36. Qxc5 Rxc5 37. Rxf8+ Kxf8 38. Rd1 Rxb5 39. cxb5 Rd7 40. Kf2 Ke7 41. Re1 e3+ 42. Kf3 Ke6 43. Ke4 Rd8 44. Rg1 Rd7 45. h3 Rd5 46. Re1 h6 47. g4 d3 48. Kxe3 d2 49. Rd1 g5 50. Rxd2 gxf4+ 51. Ke2 Rxe5+ 1/2-1/2

[Event "GER HS-247 email"]
[Site "GER email"]
[Date "2018.11.16"]
[Round "?"]
[White "Socher, Hans Joachim"]
[Black "Hoffmann, Heiko"]
[Result "1/2-1/2"]
[WhiteElo "2048"]
[BlackElo "1770"]
[PlyCount "55"]
[EventDate "2018.11.25"]
[EventType "tourn (corr)"]
[EventRounds "6"]
[EventCountry "GER"]
[SourceTitle "Corr 2022"]
[Source "ChessBase"]
[SourceDate "2021.10.24"]
[SourceVersion "1"]
[SourceVersionDate "2021.10.24"]
[SourceQuality "1"]

1. e4 c5 2. Nf3 d6 3. d4 cxd4 4. Nxd4 Nf6 5. Nc3 g6 6. Be3 Bg7 7. f3 0-0 8. Qd2 Nc6 9. g4 Be6 10. 0-0-0 Nxd4 11. Bxd4 Qa5 12. a3 Rfc8 13. Kb1 Rab8 14. h4 b5 15. Nd5 Qxd2 16. Rxd2 Bxd5 17. exd5 a5 18. h5 Nd7 19. hxg6 hxg6 20. g5 Bxd4 21. Rxd4 Kg7 22. Be2 b4 23. Rdh4 Nf8 24. a4 Rc5 25. Bc4 Re8 26. b3 e5 27. dxe6 Nxe6 28. Rh7+ 1/2-1/2

[Event "GER MS-272 email"]
[Site "GER email"]
[Date "2017.11.14"]
[Round "?"]
[White "Richter, Marko"]
[Black "Hoffmann, Heiko"]
[Result "1-0"]
[WhiteElo "2028"]
[BlackElo "1856"]
[PlyCount "59"]
[EventDate "2017.11.21"]
[EventType "tourn (corr)"]
[EventRounds "6"]
[EventCountry "GER"]
[SourceTitle "Corr 2020"]
[Source "ChessBase"]
[SourceDate "2019.09.30"]
[SourceVersion "1"]
[SourceVersionDate "2019.09.30"]
[SourceQuality "1"]

1. e4 c5 2. Nf3 d6 3. d4 cxd4 4. Nxd4 Nf6 5. Nc3 g6 6. Be3 Bg7 7. f3 0-0 8. Qd2 Nc6 9. 0-0-0 Bd7 10. g4 Rc8 11. h4 Ne5 12. h5 Qa5 13. Be2 b5 14. a3 b4 15. Na2 Nexg4 16. fxg4 Nxe4 17. Qxb4 Qe5 18. Rh3 Be6 19. h6 Bh8 20. Nc3 Nxc3 21. bxc3 Bd7 22. Bd2 Rb8 23. Qc4 Qa5 24. a4 Rfc8 25. Qa2 d5 26. Qa3 e6 27. c4 Qc7 28. Bc3 Qf4+ 29. Rd2 e5 30. Nb5 1-0

[Event "GER MS-271 email"]
[Site "GER email"]
[Date "2017.10.22"]
[Round "?"]
[White "Herzog, Klaus"]
[Black "Hoffmann, Heiko"]
[Result "1-0"]
[WhiteElo "1920"]
[BlackElo "1812"]
[PlyCount "77"]
[EventDate "2017.11.05"]
[EventType "tourn (corr)"]
[EventRounds "6"]
[EventCountry "GER"]
[SourceTitle "Corr 2020"]
[Source "ChessBase"]
[SourceDate "2019.09.30"]
[SourceVersion "1"]
[SourceVersionDate "2019.09.30"]
[SourceQuality "1"]

1. d4 Nf6 2. c4 g6 3. Nc3 Bg7 4. e4 d6 5. Nf3 0-0 6. Be2 e5 7. 0-0 exd4 8. Nxd4 Re8 9. f3 Nc6 10. Be3 Nh5 11. Nxc6 bxc6 12. Qd2 Qe7 13. Rfe1 Nf6 14. Rad1 Bb7 15. c5 Rad8 16. cxd6 Rxd6 17. Qc1 Nd7 18. b3 Nb6 19. Bc5 Rxd1 20. Nxd1 Qe5 21. Nf2 Qc3 22. Qxc3 Bxc3 23. Rc1 Bh8 24. a4 a5 25. g3 Bb2 26. Rc2 Nd7 27. Be3 Ba3 28. Bd2 Ra8 29. Nd3 f6 30. Kf2 Kf8 31. h4 h5 32. Nf4 Ne5 33. Ne6+ Kf7 34. Nxc7 Rc8 35. Na6 Bxa6 36. Bxa6 Rb8 37. f4 Ng4+ 38. Ke2 Rxb3 39. Bc4+ 1-0

[Event "GER MS-271 email"]
[Site "GER email"]
[Date "2017.10.22"]
[Round "?"]
[White "Hoffmann, Heiko"]
[Black "Firsching, Guenter"]
[Result "0-1"]
[WhiteElo "1812"]
[BlackElo "2108"]
[PlyCount "80"]
[EventDate "2017.11.05"]
[EventType "tourn (corr)"]
[EventRounds "6"]
[EventCountry "GER"]
[SourceTitle "Corr 2020"]
[Source "ChessBase"]
[SourceDate "2019.09.30"]
[SourceVersion "1"]
[SourceVersionDate "2019.09.30"]
[SourceQuality "1"]

1. e4 e5 2. Nf3 Nc6 3. d4 exd4 4. Nxd4 Bc5 5. Be3 Qf6 6. c3 Nge7 7. Bc4 Ne5 8. Be2 Qg6 9. 0-0 d6 10. f3 0-0 11. Kh1 f5 12. Nd2 fxe4 13. fxe4 Rxf1+ 14. Qxf1 Bd7 15. Bc4+ Nxc4 16. Qxc4+ Qf7 17. Qe2 Ng6 18. b3 Re8 19. h3 d5 20. Rf1 Qe7 21. Nf5 Bxf5 22. Rxf5 Qe6 23. Rf1 Bxe3 24. Qxe3 h6 25. Rf2 a6 26. Qg3 dxe4 27. Re2 Qf5 28. Kh2 Nf4 29. Re1 Nh5 30. Qe3 Qe5+ 31. g3 Nf6 32. Kg2 Kh8 33. Qd4 Qa5 34. Re2 Qxa2 35. c4 b5 36. g4 Qa3 37. Qe3 Qb4 38. Rf2 Kh7 39. Rf4 bxc4 40. Nxc4 Nd5 0-1

[Event "GER MS-271 email"]
[Site "GER email"]
[Date "2017.10.22"]
[Round "?"]
[White "Hoffmann, Heiko"]
[Black "Jung, Reiner"]
[Result "1/2-1/2"]
[WhiteElo "1812"]
[BlackElo "2058"]
[PlyCount "78"]
[EventDate "2017.11.05"]
[EventType "tourn (corr)"]
[EventRounds "6"]
[EventCountry "GER"]
[SourceTitle "Corr 2020"]
[Source "ChessBase"]
[SourceDate "2019.09.30"]
[SourceVersion "1"]
[SourceVersionDate "2019.09.30"]
[SourceQuality "1"]

1. e4 e5 2. Nf3 Nc6 3. d4 exd4 4. Nxd4 Bc5 5. Be3 Qf6 6. c3 Nge7 7. Bc4 0-0 8. 0-0 Bb6 9. Na3 Qg6 10. Re1 d6 11. Nxc6 bxc6 12. Qd2 Be6 13. Bxe6 Qxe6 14. Nc2 Rfe8 15. Nd4 Qd7 16. f3 h6 17. Nc2 Qe6 18. b4 a5 19. Bxb6 cxb6 20. a4 d5 21. bxa5 bxa5 22. Re3 Qd7 23. h3 Red8 24. Kh1 dxe4 25. Qxd7 Rxd7 26. Rxe4 Nf5 27. Re5 g6 28. Na3 Rd3 29. Nc4 Rxc3 30. Rxa5 Re8 31. Ne5 Rc2 32. f4 Ng3+ 33. Kh2 Nf5 34. Kh1 Ng3+ 35. Kh2 Nh5 36. Rf1 Rb8 37. f5 Rbb2 38. Rg1 Nf4 39. fxg6 fxg6 1/2-1/2

[Event "GER MS-270 email"]
[Site "GER email"]
[Date "2017.09.23"]
[Round "?"]
[White "Hoffmann, Heiko"]
[Black "Herzog, Klaus"]
[Result "1/2-1/2"]
[WhiteElo "1856"]
[BlackElo "1885"]
[PlyCount "32"]
[EventDate "2017.09.27"]
[EventType "tourn (corr)"]
[EventRounds "6"]
[EventCountry "GER"]
[SourceTitle "Corr 2020"]
[Source "ChessBase"]
[SourceDate "2019.09.30"]
[SourceVersion "1"]
[SourceVersionDate "2019.09.30"]
[SourceQuality "1"]

1. e4 e5 2. Nf3 Nc6 3. d4 exd4 4. Nxd4 Nf6 5. Nc3 Bb4 6. Nxc6 bxc6 7. Bd3 d5 8. exd5 cxd5 9. 0-0 0-0 10. Bg5 c6 11. Qf3 Bd6 12. Rae1 Rb8 13. Nd1 h6 14. Bxf6 Qxf6 15. Qxf6 gxf6 16. b3 Kg7 1/2-1/2

[Event "GER MS-270 email"]
[Site "GER email"]
[Date "2017.09.23"]
[Round "?"]
[White "Wittenberg, Gerd"]
[Black "Hoffmann, Heiko"]
[Result "1/2-1/2"]
[WhiteElo "1920"]
[BlackElo "1856"]
[PlyCount "55"]
[EventDate "2017.09.27"]
[EventType "tourn (corr)"]
[EventRounds "6"]
[EventCountry "GER"]
[SourceTitle "Corr 2020"]
[Source "ChessBase"]
[SourceDate "2019.09.30"]
[SourceVersion "1"]
[SourceVersionDate "2019.09.30"]
[SourceQuality "1"]

1. e4 e5 2. Nf3 Nc6 3. Bb5 a6 4. Ba4 Nf6 5. Bxc6 dxc6 6. d3 Bd6 7. h3 h6 8. Nbd2 Be6 9. b3 c5 10. Bb2 Nd7 11. Nc4 f6 12. Nh4 0-0 13. Nf5 b5 14. Nce3 Kh7 15. h4 g6 16. Nxd6 cxd6 17. h5 g5 18. c3 a5 19. d4 Nb6 20. Qe2 Qc7 21. d5 Bd7 22. 0-0 a4 23. c4 Ra5 24. Rfd1 b4 25. Qf3 Nc8 26. Rdb1 Kh8 27. Rd1 Kh7 28. g4 1/2-1/2

[Event "GER MS-269 email"]
[Site "GER email"]
[Date "2017.09.08"]
[Round "?"]
[White "Roeckendorf, Paul Uwe"]
[Black "Hoffmann, Heiko"]
[Result "1-0"]
[WhiteElo "2031"]
[BlackElo "1856"]
[PlyCount "43"]
[EventDate "2017.09.14"]
[EventType "tourn (corr)"]
[EventRounds "6"]
[EventCountry "GER"]
[SourceTitle "Corr 2020"]
[Source "ChessBase"]
[SourceDate "2019.09.30"]
[SourceVersion "1"]
[SourceVersionDate "2019.09.30"]
[SourceQuality "1"]

1. c4 Nf6 2. d4 g6 3. Nc3 Bg7 4. e4 d6 5. Be2 0-0 6. Bg5 Na6 7. Qd2 e5 8. d5 Qe8 9. f3 Nh5 10. Bd1 f5 11. Nge2 Bd7 12. Be3 c5 13. dxc6 Bxc6 14. 0-0 Nf6 15. Bc2 f4 16. Bf2 Qd7 17. a3 Nc7 18. Rfd1 Rad8 19. Bxa7 Qe7 20. b4 Kh8 21. Bb6 Be8 22. Bb3 1-0

[Event "GER MS-268 email"]
[Site "GER email"]
[Date "2017.08.14"]
[Round "?"]
[White "Marten, Gero"]
[Black "Hoffmann, Heiko"]
[Result "1-0"]
[WhiteElo "1988"]
[BlackElo "1856"]
[PlyCount "43"]
[EventDate "2017.08.18"]
[EventType "tourn (corr)"]
[EventRounds "6"]
[EventCountry "GER"]
[SourceTitle "Corr 2020"]
[Source "ChessBase"]
[SourceDate "2019.09.30"]
[SourceVersion "1"]
[SourceVersionDate "2019.09.30"]
[SourceQuality "1"]

1. e4 c5 2. Nc3 d6 3. Nge2 g6 4. d4 Na6 5. Be3 cxd4 6. Nxd4 Bg7 7. f3 Nf6 8. Qd2 Nc5 9. 0-0-0 Bd7 10. g4 0-0 11. h4 h5 12. Bh6 Ne6 13. Nxe6 Bxe6 14. Bxg7 Kxg7 15. gxh5 Nxh5 16. Rg1 Rc8 17. f4 f5 18. Be2 Nf6 19. h5 fxe4 20. Rxg6+ Kf7 21. f5 Bxf5 22. Qg5 1-0

[Event "GER MS-268 email"]
[Site "GER email"]
[Date "2017.08.14"]
[Round "?"]
[White "Tacke, Hubert"]
[Black "Hoffmann, Heiko"]
[Result "1-0"]
[WhiteElo "1950"]
[BlackElo "1856"]
[PlyCount "139"]
[EventDate "2017.08.18"]
[EventType "tourn (corr)"]
[EventRounds "6"]
[EventCountry "GER"]
[SourceTitle "Corr 2020"]
[Source "ChessBase"]
[SourceDate "2019.09.30"]
[SourceVersion "1"]
[SourceVersionDate "2019.09.30"]
[SourceQuality "1"]

1. e4 e5 2. Nf3 Nc6 3. Bc4 Nf6 4. Ng5 d5 5. exd5 Na5 6. Bb5+ c6 7. dxc6 bxc6 8. Qf3 Bd7 9. Ba4 h6 10. Ne4 Nxe4 11. Qxe4 Bd6 12. 0-0 0-0 13. d3 Bc7 14. Nc3 f5 15. Qe2 Kh8 16. f3 Bb6+ 17. Be3 Re8 18. Rfe1 c5 19. Bxd7 Qxd7 20. b3 Nc6 21. Na4 Nd4 22. Qd2 Qc6 23. Bf2 Qf6 24. c3 Ne6 25. Bg3 Nf8 26. Rad1 Kg8 27. Bf2 Ne6 28. a3 Rac8 29. Bg3 Nf8 30. Kh1 Ng6 31. Nb2 Re7 32. Qc2 Qc6 33. Rd2 Bc7 34. Nc4 Rce8 35. Rde2 Qd7 36. Qd1 Rd8 37. Rd2 a6 38. Kg1 Qe6 39. Qb1 Red7 40. b4 cxb4 41. axb4 Qf6 42. Qc2 Kh7 43. Rdd1 Bb8 44. Nb2 Qc6 45. Kh1 Qb5 46. Ra1 Rc8 47. Red1 e4 48. Bxb8 Qxb8 49. dxe4 Rxd1+ 50. Nxd1 fxe4 51. Nf2 e3 52. Ng4 e2 53. Nf2 Qb6 54. Ne4 Qxb4 55. Qxe2 Qb5 56. Qa2 Rc6 57. Qc2 a5 58. g3 Qe5 59. Kg2 Rb6 60. Ra2 Kh8 61. Qd2 Qb5 62. Qd4 Ra6 63. c4 Qe8 64. c5 a4 65. Qc4 Qa8 66. Ra3 Ra7 67. h4 Qe8 68. Qd4 Ne7 69. Nd6 Qg6 70. Qc4 1-0

[Event "GER MS-266 email"]
[Site "GER email"]
[Date "2017.07.23"]
[Round "?"]
[White "Hoffmann, Heiko"]
[Black "Langheld, Werner"]
[Result "1-0"]
[WhiteElo "1816"]
[BlackElo "1957"]
[PlyCount "61"]
[EventDate "2017.07.28"]
[EventType "tourn (corr)"]
[EventRounds "6"]
[EventCountry "GER"]
[SourceTitle "Corr 2020"]
[Source "ChessBase"]
[SourceDate "2019.09.30"]
[SourceVersion "1"]
[SourceVersionDate "2019.09.30"]
[SourceQuality "1"]

1. e4 e5 2. Nf3 Nc6 3. d4 exd4 4. Nxd4 Qf6 5. c3 Bc5 6. Be3 Nge7 7. Bc4 d6 8. 0-0 0-0 9. Nxc6 Nxc6 10. Bxc5 dxc5 11. f4 Be6 12. Na3 Rad8 13. Qe2 a6 14. e5 Qg6 15. Rae1 b5 16. Bxe6 fxe6 17. Qe3 Ne7 18. Rf2 Nd5 19. Qc1 Rd7 20. g3 Rfd8 21. Rd2 c4 22. Rg2 Ne7 23. Qe3 Rd3 24. Qe2 Nf5 25. Nc2 h5 26. Qe4 Qg4 27. Qe2 Qh3 28. Qe4 Rd1 29. Qe2 R1d2 30. Qxd2 h4 31. Qxd8+ 1-0

[Event "GER MS-265 email"]
[Site "GER email"]
[Date "2017.07.03"]
[Round "?"]
[White "Dreisch, Juergen"]
[Black "Hoffmann, Heiko"]
[Result "1-0"]
[WhiteElo "1919"]
[BlackElo "1783"]
[PlyCount "73"]
[EventDate "2017.07.10"]
[EventType "tourn (corr)"]
[EventRounds "6"]
[EventCountry "GER"]
[SourceTitle "Corr 2020"]
[Source "ChessBase"]
[SourceDate "2019.09.30"]
[SourceVersion "1"]
[SourceVersionDate "2019.09.30"]
[SourceQuality "1"]

1. e4 c5 2. b3 Nc6 3. Bb2 d6 4. Bb5 Bd7 5. f4 a6 6. Bxc6 Bxc6 7. d3 e6 8. Qe2 Nf6 9. Nd2 b5 10. 0-0-0 Rc8 11. g4 h6 12. Nh3 a5 13. Rhg1 a4 14. g5 a3 15. Bxf6 gxf6 16. g6 fxg6 17. Rxg6 Kd7 18. f5 e5 19. Nf1 Rc7 20. Ne3 h5 21. Nd5 Bxd5 22. exd5 c4 23. dxc4 bxc4 24. Nf2 Rg8 25. Qxh5 cxb3 26. axb3 Qc8 27. c4 Be7 28. Qe2 Rh8 29. Ne4 Qa6 30. Kb1 Rb8 31. Nd2 Qa5 32. Rg3 a2+ 33. Ka1 Qa3 34. h4 Bf8 35. Qh5 Kc8 36. Rc3 Kb7 37. Rc2 1-0

[Event "GER MS-265 email"]
[Site "GER email"]
[Date "2017.07.03"]
[Round "?"]
[White "Hoffmann, Heiko"]
[Black "Goldbecker, Kurt Juergen"]
[Result "0-1"]
[WhiteElo "1783"]
[BlackElo "1995"]
[PlyCount "60"]
[EventDate "2017.07.10"]
[EventType "tourn (corr)"]
[EventRounds "6"]
[EventCountry "GER"]
[SourceTitle "Corr 2020"]
[Source "ChessBase"]
[SourceDate "2019.09.30"]
[SourceVersion "1"]
[SourceVersionDate "2019.09.30"]
[SourceQuality "1"]

1. e4 e5 2. Nf3 Nc6 3. d4 exd4 4. Nxd4 Nf6 5. Nxc6 bxc6 6. e5 Qe7 7. Qe2 Nd5 8. c4 Nb6 9. Nc3 Qe6 10. Qe4 g6 11. Bd3 Bg7 12. f4 0-0 13. c5 Nd5 14. 0-0 d6 15. exd6 cxd6 16. Nxd5 Qxd5 17. Qxd5 cxd5 18. cxd6 Bd4+ 19. Kh1 Rd8 20. f5 Rxd6 21. Rb1 Ba6 22. Rf3 Be5 23. fxg6 hxg6 24. b4 Bxd3 25. Rxd3 Rc8 26. Rd2 f6 27. b5 d4 28. a4 d3 29. Rf2 Rc2 30. Be3 d2 0-1

[Event "GER MS-265 email"]
[Site "GER email"]
[Date "2017.07.03"]
[Round "?"]
[White "Langheld, Werner"]
[Black "Hoffmann, Heiko"]
[Result "1/2-1/2"]
[WhiteElo "1930"]
[BlackElo "1783"]
[PlyCount "57"]
[EventDate "2017.07.10"]
[EventType "tourn (corr)"]
[EventRounds "6"]
[EventCountry "GER"]
[SourceTitle "Corr 2020"]
[Source "ChessBase"]
[SourceDate "2019.09.30"]
[SourceVersion "1"]
[SourceVersionDate "2019.09.30"]
[SourceQuality "1"]

1. e4 c5 2. b4 cxb4 3. a3 d5 4. exd5 Qxd5 5. Nf3 e5 6. c4 Qe6 7. Bd3 Nc6 8. 0-0 Nf6 9. Re1 Bd6 10. axb4 Nxb4 11. Bf1 0-0 12. Nc3 Qf5 13. Nb5 Bb8 14. Ba3 e4 15. Bxb4 exf3 16. Bxf8 fxg2 17. Bxg2 Kxf8 18. Re2 Qh5 19. h3 Bxh3 20. Re8+ Kxe8 21. Qxh5 Nxh5 22. Bxb7 a6 23. Bxa8 axb5 24. Bf3 Nf4 25. Ra8 Ke7 26. Rxb8 bxc4 27. Kh2 Be6 28. Rb5 Kf6 29. Be4 1/2-1/2

[Event "GER MS-263 email"]
[Site "GER email"]
[Date "2017.05.31"]
[Round "?"]
[White "Rohde, Friedhelm"]
[Black "Hoffmann, Heiko"]
[Result "1-0"]
[WhiteElo "2019"]
[BlackElo "1901"]
[PlyCount "39"]
[EventDate "2017.06.06"]
[EventType "tourn (corr)"]
[EventRounds "6"]
[EventCountry "GER"]
[SourceTitle "Corr 2020"]
[Source "ChessBase"]
[SourceDate "2019.09.30"]
[SourceVersion "1"]
[SourceVersionDate "2019.09.30"]
[SourceQuality "1"]

1. d4 Nf6 2. Bg5 Ne4 3. Bf4 c5 4. f3 Qa5+ 5. c3 Nf6 6. d5 Qb6 7. Bc1 e6 8. e4 exd5 9. exd5 Bd6 10. Na3 0-0 11. Nh3 Re8+ 12. Be2 a6 13. Nc4 Qc7 14. a4 Bxh2 15. d6 Bg3+ 16. Kf1 Qc6 17. Bg5 Nd5 18. Bd3 h6 19. Be4 Rxe4 20. fxe4 1-0

[Event "GER MS-260 email"]
[Site "GER email"]
[Date "2017.04.20"]
[Round "?"]
[White "Hoffmann, Heiko"]
[Black "Vieth, Martin"]
[Result "1/2-1/2"]
[WhiteElo "1901"]
[BlackElo "1929"]
[PlyCount "58"]
[EventDate "2017.04.25"]
[EventType "tourn (corr)"]
[EventRounds "6"]
[EventCountry "GER"]
[SourceTitle "Corr 2020"]
[Source "ChessBase"]
[SourceDate "2019.09.30"]
[SourceVersion "1"]
[SourceVersionDate "2019.09.30"]
[SourceQuality "1"]

1. e4 e6 2. d4 d5 3. e5 c5 4. c3 Nc6 5. Nf3 Qb6 6. a3 c4 7. Nbd2 Na5 8. Be2 Be7 9. 0-0 Bd7 10. Rb1 Rc8 11. Qc2 Qd8 12. Re1 h5 13. Nf1 Nb3 14. Bf4 Ba4 15. N3d2 g5 16. Be3 Nh6 17. Nxb3 Bxb3 18. Qc1 Nf5 19. Bd1 Bxd1 20. Qxd1 Qd7 21. a4 Kd8 22. Ng3 h4 23. Nxf5 exf5 24. b3 h3 25. g3 b6 26. Bd2 Rh6 27. Qf3 cxb3 28. Rxb3 Rc4 29. Rb5 Kc7 1/2-1/2

[Event "GER MS-260 email"]
[Site "GER email"]
[Date "2017.04.20"]
[Round "?"]
[White "Milde, Lars"]
[Black "Hoffmann, Heiko"]
[Result "1/2-1/2"]
[WhiteElo "2133"]
[BlackElo "1901"]
[PlyCount "45"]
[EventDate "2017.04.25"]
[EventType "tourn (corr)"]
[EventRounds "6"]
[EventCountry "GER"]
[SourceTitle "Corr 2020"]
[Source "ChessBase"]
[SourceDate "2019.09.30"]
[SourceVersion "1"]
[SourceVersionDate "2019.09.30"]
[SourceQuality "1"]

1. e4 c5 2. Nf3 d6 3. d4 cxd4 4. Nxd4 Nf6 5. Nc3 g6 6. Be3 Bg7 7. f3 0-0 8. Qd2 Nc6 9. 0-0-0 Bd7 10. Bc4 Rc8 11. Bb3 Nxd4 12. Bxd4 b5 13. Bxa7 b4 14. Nd5 Nxd5 15. exd5 Qa5 16. Qe3 Ba4 17. Bd4 Bxb3 18. Qxb3 Rc7 19. Kb1 Rfc8 20. Bxg7 Kxg7 21. Rc1 Rc4 22. Rhd1 R8c5 23. g4 1/2-1/2

[Event "GER MS-259 email"]
[Site "GER email"]
[Date "2017.04.06"]
[Round "?"]
[White "Vieth, Martin"]
[Black "Hoffmann, Heiko"]
[Result "1-0"]
[WhiteElo "1929"]
[BlackElo "1901"]
[PlyCount "59"]
[EventDate "2017.04.11"]
[EventType "tourn (corr)"]
[EventRounds "6"]
[EventCountry "GER"]
[SourceTitle "Corr 2020"]
[Source "ChessBase"]
[SourceDate "2019.09.30"]
[SourceVersion "1"]
[SourceVersionDate "2019.09.30"]
[SourceQuality "1"]

1. e4 c5 2. Nf3 d6 3. d4 cxd4 4. Nxd4 Nf6 5. Nc3 g6 6. f3 Bg7 7. Be3 0-0 8. Qd2 Nc6 9. g4 Be6 10. 0-0-0 Rc8 11. Nxe6 fxe6 12. Bc4 Qd7 13. h4 Na5 14. Bb5 Qc7 15. h5 a6 16. Be2 Nc4 17. Bxc4 Qxc4 18. Bh6 b5 19. hxg6 hxg6 20. Qg5 Rf7 21. Qxg6 b4 22. Rd3 Kf8 23. g5 Ng8 24. f4 Rc7 25. Rf3 Qd4 26. Nd1 Rc4 27. e5 Qe4 28. Bxg7+ Rxg7 29. Qxe4 Rxe4 30. Nf2 1-0

[Event "GER MS-258 email"]
[Site "GER email"]
[Date "2017.03.13"]
[Round "?"]
[White "Milde, Lars"]
[Black "Hoffmann, Heiko"]
[Result "1-0"]
[WhiteElo "2133"]
[BlackElo "1901"]
[PlyCount "59"]
[EventDate "2017.03.20"]
[EventType "tourn (corr)"]
[EventRounds "6"]
[EventCountry "GER"]
[SourceTitle "Corr 2020"]
[Source "ChessBase"]
[SourceDate "2019.09.30"]
[SourceVersion "1"]
[SourceVersionDate "2019.09.30"]
[SourceQuality "1"]

1. e4 c5 2. Nf3 d6 3. d4 cxd4 4. Nxd4 Nf6 5. Nc3 g6 6. Be3 Bg7 7. f3 0-0 8. Qd2 Nc6 9. Bc4 Bd7 10. 0-0-0 Rc8 11. Bb3 Ne5 12. Kb1 Qa5 13. g4 Rfe8 14. h4 b5 15. Bh6 Bxh6 16. Qxh6 Rxc3 17. bxc3 Qxc3 18. h5 Nc4 19. Qc1 a5 20. a3 a4 21. Rd3 Qa5 22. Ba2 Qb6 23. Qh6 d5 24. hxg6 fxg6 25. exd5 Qd6 26. Nc6 Qc5 27. Rc3 Qxd5 28. Nb4 Qd4 29. Bxc4+ bxc4 30. Qe3 1-0